000 00612nam a2200157Ia 4500
005 20240906071306.0
008 240331s9999 xx 000 0 und d
020 _a1851528725
082 _a658.477
100 _aHamlyn
245 4 _aThe world's worst disasters of the twentieth century
260 _aLondon
_bOctopus Publishing Group Ltd
_c1997
300 _a192 p .,
500 _aThis book vividly portrays two basic kinds of disasters. firstly, the natural catastrophes such as earthquakes, floods and hurricanes, and secondly, the horrifying disasters caused by man's interaction with nature.
942 _cL
999 _c3060
_d3060